[Event "DEN-chT 1920 58th"]
[Site "Denmark"]
[Date "2020.09.05"]
[Round "8.2"]
[White "Hagen, Kresten Skytte"]
[Black "Nohr, Finn"]
[Result "1/2-1/2"]
[WhiteElo "2167"]
[BlackElo "1914"]
[PlyCount "31"]
[EventDate "2019.11.23"]
[EventType "team-tourn"]
[EventRounds "9"]
[EventCountry "DEN"]
[SourceTitle "EXT 2021"]
[Source "ChessBase"]
[SourceDate "2020.10.23"]
[SourceVersion "1"]
[SourceVersionDate "2020.10.23"]
[SourceQuality "1"]
[WhiteTeam "Aarhus/Skolerne"]
[BlackTeam "Hillerod"]
[WhiteTeamCountry "DEN"]
[BlackTeamCountry "DEN"]

1. Nf3 d5 2. d4 c6 3. g3 Bg4 4. Bg2 Nd7 5. 0-0 e6 6. b3 Ngf6 7. Bb2 Be7 8. Nbd2 0-0 9. c4 h6 10. Ne5 Nxe5 11. dxe5 Nd7 12. h3 Bh5 13. g4 Bg6 14. e4 dxe4 15. Nxe4 Nc5 16. Nxc5 1/2-1/2

[Event "Porto Mannu op 6th"]
[Site "Porto Mannu"]
[Date "2014.06.12"]
[Round "7"]
[White "Nohr, Finn"]
[Black "Schneider, Stefan"]
[Result "0-1"]
[WhiteElo "2080"]
[BlackElo "2362"]
[PlyCount "88"]
[EventDate "2014.06.07"]
[EventType "swiss"]
[EventRounds "9"]
[EventCountry "ITA"]
[SourceTitle "CBM 160 Extra"]
[Source "ChessBase"]
[SourceDate "2014.07.01"]
[SourceVersion "1"]
[SourceVersionDate "2014.07.01"]
[SourceQuality "1"]

1. e4 e6 2. d4 d5 3. Nc3 Nf6 4. e5 Nfd7 5. f4 c5 6. Nf3 Nc6 7. Be3 Be7 8. Qd2 0-0 9. 0-0-0 c4 10. f5 b5 11. f6 gxf6 12. Bh6 fxe5 13. dxe5 Ndxe5 14. Bxf8 Qxf8 15. Nxe5 Nxe5 16. Nxd5 exd5 17. Qxd5 Qh6+ 18. Kb1 Nc6 19. Be2 Qe6 20. Bf3 Qxd5 21. Rxd5 Rb8 22. Rh5 Nd4 23. Be4 Bb7 24. Bxh7+ Kg7 25. c3 Ne6 26. Bc2 Bc6 27. Rf1 Nf8 28. Rhf5 Be8 29. g4 Ng6 30. g5 Rb6 31. Rd5 Re6 32. Bxg6 fxg6 33. h4 Bc6 34. Rd4 Bc5 35. Rdf4 Re7 36. a3 Be4+ 37. Ka2 Bd3 38. Rc1 a5 39. Rf6 b4 40. Rc6 b3+ 41. Ka1 Bxa3 42. bxa3 Re2 43. Rc7+ Kf8 44. Rf1+ Ke8 0-1

[Event "Copenhagen Bronshoj op"]
[Site "Copenhagen"]
[Date "2014.02.10"]
[Round "6"]
[White "Nohr, Finn"]
[Black "Kyrkjebo, Marte Bakken"]
[Result "1-0"]
[WhiteElo "2102"]
[BlackElo "1719"]
[PlyCount "83"]
[EventDate "2014.02.07"]
[EventType "swiss"]
[EventRounds "7"]
[EventCountry "DEN"]
[SourceTitle "CBM 158 Extra"]
[Source "ChessBase"]
[SourceDate "2014.02.28"]
[SourceVersion "1"]
[SourceVersionDate "2014.02.28"]
[SourceQuality "1"]

1. e4 e5 2. Nf3 Nc6 3. Bb5 a6 4. Ba4 Nf6 5. d3 b5 6. Bb3 Be7 7. c3 d6 8. 0-0 0-0 9. Nbd2 Na5 10. Bc2 c5 11. Re1 Qc7 12. Nf1 Bd7 13. Ng3 c4 14. d4 Nc6 15. h3 a5 16. b3 cxb3 17. axb3 Rfc8 18. Bb2 exd4 19. Nxd4 Nxd4 20. Qxd4 b4 21. c4 a4 22. bxa4 Qxc4 23. Qxc4 Rxc4 24. Bb3 Rc5 25. Bd4 Rca5 26. Bb6 R5a6 27. a5 Bb5 28. e5 Nd7 29. Nf5 Bd8 30. Bxd8 Rxd8 31. Nxd6 Bc6 32. Nxf7 Rf8 33. Bc4 Raa8 34. Nd8+ Kh8 35. Nxc6 Rac8 36. Be6 Rxc6 37. Bxd7 Rc7 38. e6 b3 39. Rab1 Rb8 40. e7 Rxd7 41. e8Q+ Rxe8 42. Rxe8# 1-0

[Event "Copenhagen Bronshoj op"]
[Site "Copenhagen"]
[Date "2014.02.09"]
[Round "5"]
[White "Jorgensen, Mikkel"]
[Black "Nohr, Finn"]
[Result "1/2-1/2"]
[WhiteElo "1869"]
[BlackElo "2102"]
[PlyCount "47"]
[EventDate "2014.02.07"]
[EventType "swiss"]
[EventRounds "7"]
[EventCountry "DEN"]
[SourceTitle "CBM 158 Extra"]
[Source "ChessBase"]
[SourceDate "2014.02.28"]
[SourceVersion "1"]
[SourceVersionDate "2014.02.28"]
[SourceQuality "1"]

1. e4 e5 2. Nf3 Nc6 3. Bb5 a6 4. Ba4 Nge7 5. 0-0 g6 6. c3 Bg7 7. Re1 b5 8. Bc2 0-0 9. d3 Bb7 10. Nbd2 d5 11. Qe2 d4 12. a3 dxc3 13. bxc3 Na5 14. Nb3 Nxb3 15. Bxb3 c5 16. Be3 Qc7 17. a4 c4 18. dxc4 bxc4 19. Qxc4 Qxc4 20. Bxc4 Rac8 21. Nd2 Rfd8 22. Rab1 Bxe4 23. Bxf7+ Kxf7 24. Nxe4 1/2-1/2

[Event "Copenhagen Bronshoj op"]
[Site "Copenhagen"]
[Date "2014.02.08"]
[Round "3"]
[White "Christensen, Esben"]
[Black "Nohr, Finn"]
[Result "1/2-1/2"]
[WhiteElo "2016"]
[BlackElo "2102"]
[PlyCount "126"]
[EventDate "2014.02.07"]
[EventType "swiss"]
[EventRounds "7"]
[EventCountry "DEN"]
[SourceTitle "CBM 158 Extra"]
[Source "ChessBase"]
[SourceDate "2014.02.28"]
[SourceVersion "1"]
[SourceVersionDate "2014.02.28"]
[SourceQuality "1"]

1. e4 e5 2. Nf3 Nc6 3. Bc4 Nf6 4. d3 Be7 5. 0-0 d6 6. a3 Bg4 7. h3 Be6 8. Nbd2 Qd7 9. Re1 h6 10. Bxe6 fxe6 11. Nf1 g5 12. N3h2 0-0-0 13. b4 Rdg8 14. b5 Nd8 15. c4 c5 16. bxc6 Nxc6 17. Qa4 b6 18. Rb1 Nd4 19. Qa6+ Qb7 20. Qa4 Nd7 21. Be3 Nc5 22. Qd1 h5 23. a4 Qc6 24. a5 bxa5 25. Bxd4 exd4 26. Rb5 Bd8 27. e5 a6 28. Rb2 g4 29. hxg4 hxg4 30. Nxg4 Bc7 31. f3 Na4 32. Rf2 Nc3 33. Qd2 Qc5 34. Qf4 Rf8 35. Qg5 d5 36. Qg6 Qc6 37. Nd2 Rfg8 38. Qf7 Rf8 39. Qe7 Bd8 40. Qa7 Qb6 41. Qxb6 Bxb6 42. Ra1 a4 43. cxd5 exd5 44. f4 Rxf4 45. Rxf4 Ne2+ 46. Kf1 Nxf4 47. Rxa4 Rh1+ 48. Kf2 Nxd3+ 49. Ke2 Nc5 50. Rxd4 Ne6 51. Ra4 Kb7 52. Nf3 Rb1 53. Ne3 Rb2+ 54. Nd2 Nc5 55. Rd4 Ne6 56. Rh4 Bxe3 57. Kxe3 d4+ 58. Kd3 Kc6 59. Nf3 Kd5 60. Nxd4 Rxg2 61. Nxe6 Rg3+ 62. Ke2 Kxe6 63. Rh6+ Kxe5 1/2-1/2

[Event "Copenhagen Bronshoj op"]
[Site "Copenhagen"]
[Date "2014.02.07"]
[Round "1"]
[White "Kyrkjebo, Eirik"]
[Black "Nohr, Finn"]
[Result "0-1"]
[WhiteElo "1693"]
[BlackElo "2102"]
[PlyCount "36"]
[EventDate "2014.02.07"]
[EventType "swiss"]
[EventRounds "7"]
[EventCountry "DEN"]
[SourceTitle "CBM 158 Extra"]
[Source "ChessBase"]
[SourceDate "2014.02.28"]
[SourceVersion "1"]
[SourceVersionDate "2014.02.28"]
[SourceQuality "1"]

1. e4 e5 2. Nf3 Nc6 3. Nc3 Nf6 4. Bb5 Bc5 5. Nxe5 Nd4 6. 0-0 0-0 7. Re1 d6 8. Nd3 Bg4 9. Ne2 Bxe2 10. Rxe2 Nxb5 11. b4 Bb6 12. c3 a5 13. a4 axb4 14. Qb3 Na7 15. a5 Nc6 16. Nxb4 Nxa5 17. Qc2 Nc4 18. d3 Rxa1 0-1

[Event "DEN-chT 1314 52nd"]
[Site "Denmark"]
[Date "2013.11.02"]
[Round "1.8"]
[White "Christensen, Jan"]
[Black "Nohr, Finn"]
[Result "1-0"]
[WhiteElo "2218"]
[BlackElo "2102"]
[PlyCount "49"]
[EventDate "2013.11.02"]
[EventType "team-tourn"]
[EventRounds "9"]
[EventCountry "DEN"]
[SourceTitle "EXT 2015"]
[Source "ChessBase"]
[SourceDate "2014.11.20"]
[SourceVersion "1"]
[SourceVersionDate "2014.11.20"]
[SourceQuality "1"]
[WhiteTeam "Nordre"]
[BlackTeam "Hillerod"]
[WhiteTeamCountry "DEN"]
[BlackTeamCountry "DEN"]

1. d4 d5 2. c4 c6 3. Nf3 Nf6 4. Nc3 e6 5. Bg5 h6 6. Bh4 dxc4 7. e4 g5 8. Bg3 b5 9. Be2 Bb7 10. 0-0 Nbd7 11. Ne5 Bg7 12. Nxf7 Kxf7 13. e5 Nd5 14. Ne4 Kg8 15. Nd6 Qb6 16. Bh5 c5 17. Bf7+ Kf8 18. Bxe6 Ke7 19. Qh5 Rhf8 20. Qg6 Nf4 21. Bxf4 Rxf4 22. Bxd7 Kxd7 23. Qxg7+ Ke6 24. dxc5 Qc6 25. Nxb7 1-0

[Event "Sanxenxo Carlos op 5th"]
[Site "Sanxenxo"]
[Date "2013.06.24"]
[Round "3"]
[White "Nohr, Finn"]
[Black "Santos Latasa, Jaime"]
[Result "1/2-1/2"]
[WhiteElo "2100"]
[BlackElo "2418"]
[PlyCount "214"]
[EventDate "2013.06.22"]
[EventType "swiss"]
[EventRounds "9"]
[EventCountry "ESP"]
[SourceTitle "CBM 155 Extra"]
[Source "ChessBase"]
[SourceDate "2013.08.26"]
[SourceVersion "1"]
[SourceVersionDate "2013.08.26"]
[SourceQuality "1"]

1. e4 e5 2. Nf3 Nc6 3. Bb5 a6 4. Ba4 Nf6 5. d3 b5 6. Bb3 Be7 7. 0-0 d6 8. c3 0-0 9. Nbd2 Bb7 10. Re1 Na5 11. Bc2 c5 12. Nf1 Re8 13. Ng3 g6 14. h3 Nc6 15. Nh2 d5 16. Qf3 dxe4 17. dxe4 c4 18. Ng4 Nxg4 19. Qxg4 Bc8 20. Qf3 Be6 21. Rd1 Qc7 22. Nf5 Rad8 23. Nxe7+ Qxe7 24. Be3 Rxd1+ 25. Rxd1 Rd8 26. Qe2 Rxd1+ 27. Qxd1 Qd8 28. Qxd8+ Nxd8 29. h4 f6 30. f3 Kf7 31. Kf2 Nc6 32. Bc5 Ke8 33. g3 Kd7 34. Bd1 Ne7 35. f4 Nc8 36. h5 Nd6 37. Ke3 Kc6 38. Bxd6 Kxd6 39. hxg6 hxg6 40. Bf3 Kc5 41. a3 a5 42. Bd1 Bh3 43. Kf2 Be6 44. Ke3 Bd7 45. Bf3 b4 46. axb4+ axb4 47. Bd1 Kb5 48. Kd2 Bc6 49. Ke3 Kc5 50. Bg4 Ba4 51. Kd2 Bc6 52. Ke3 bxc3 53. bxc3 Ba4 54. Kd2 Kd6 55. Be2 Bb3 56. Bg4 Ba4 57. Be2 Bb5 58. Bg4 Bd7 59. Be2 Kc5 60. Ke3 Be6 61. Bd1 Bh3 62. Kf2 Bd7 63. Ke3 Kb5 64. Be2 Be6 65. Bd1 Ka5 66. Kf3 Bd7 67. Be2 Bb5 68. Bd1 Bc6 69. Ke3 Ba4 70. Be2 Bb3 71. fxe5 fxe5 72. Kf3 Ka4 73. Kg4 Ka3 74. Kg5 Kb2 75. Kf6 Kxc3 76. Kxe5 Bc2 77. Kd5 Bd3 78. Bd1 Kd2 79. Ba4 c3 80. e5 Bb5 81. Bb3 g5 82. e6 g4 83. Ke5 Ke3 84. Bd1 Bc4 85. e7 Bb5 86. Kf5 Bd7+ 87. Kg5 Kf2 88. Bxg4 c2 89. Bxd7 c1Q+ 90. Kf6 Qc3+ 91. Ke6 Qb3+ 92. Kf6 Qc3+ 93. Ke6 Qe3+ 94. Kf6 Qd4+ 95. Ke6 Qg4+ 96. Kd6 Qxg3+ 97. Ke6 Qb3+ 98. Kf6 Qc3+ 99. Ke6 Qc4+ 100. Kd6 Qd4+ 101. Ke6 Qg4+ 102. Kd6 Qg6+ 103. Kc7 Qg3+ 104. Kc6 Qc3+ 105. Kd5 Qb3+ 106. Kd6 Qb6+ 107. Kd5 Qb3+ 1/2-1/2

[Event "Copenhagen Obro New Year op"]
[Site "Copenhagen"]
[Date "2012.12.28"]
[Round "3"]
[White "Nohr, Finn"]
[Black "Rostgaard, Tobias Valentin"]
[Result "0-1"]
[WhiteElo "2109"]
[BlackElo "2239"]
[PlyCount "68"]
[EventDate "2012.12.27"]
[EventType "swiss"]
[EventRounds "7"]
[EventCountry "DEN"]
[SourceTitle "CBM 152 Extra"]
[Source "ChessBase"]
[SourceDate "2013.02.25"]
[SourceVersion "1"]
[SourceVersionDate "2013.02.25"]
[SourceQuality "1"]

1. e4 c5 2. c3 Nf6 3. e5 Nd5 4. Nf3 Nc6 5. Bc4 Nb6 6. Bb3 c4 7. Bc2 d6 8. exd6 Qxd6 9. 0-0 Bg4 10. h3 Bh5 11. b3 Ne5 12. g4 Bg6 13. Nxe5 Qxe5 14. Na3 Bxc2 15. Nxc2 h5 16. f4 Qc5+ 17. Kg2 hxg4 18. hxg4 Qc6+ 19. Qf3 Nd5 20. d4 cxd3 21. Nd4 Qd7 22. f5 0-0-0 23. Qxd3 e5 24. fxe6 fxe6 25. Qe4 e5 26. Qxe5 Qxg4+ 27. Qg3 Qxg3+ 28. Kxg3 Bd6+ 29. Kg4 Nf6+ 30. Kf5 g6+ 31. Kxg6 Nd5 32. Nf5 Rhg8+ 33. Kf7 Rgf8+ 34. Ke6 Nc7# 0-1

[Event "Copenhagen Bronshoj op"]
[Site "Copenhagen"]
[Date "2012.02.11"]
[Round "3"]
[White "Nohr, Finn"]
[Black "Strange, Mikkel"]
[Result "0-1"]
[WhiteElo "2110"]
[BlackElo "2322"]
[PlyCount "70"]
[EventDate "2012.02.10"]
[EventType "swiss"]
[EventRounds "7"]
[EventCountry "DEN"]
[SourceTitle "EXT 2015"]
[Source "ChessBase"]
[SourceDate "2014.11.20"]
[SourceVersion "1"]
[SourceVersionDate "2014.11.20"]
[SourceQuality "1"]

1. e4 e6 2. d4 d5 3. Nc3 Bb4 4. e5 c5 5. a3 Bxc3+ 6. bxc3 Qc7 7. Qg4 f5 8. Qg3 cxd4 9. cxd4 Ne7 10. c3 0-0 11. Ne2 b6 12. Nf4 Qd7 13. a4 Ba6 14. Bxa6 Nxa6 15. Ba3 Rf7 16. 0-0 Rc8 17. Qd3 Rc4 18. Rfb1 Nc6 19. Rb5 Nc7 20. Rbb1 Nxe5 21. dxe5 Rxf4 22. Bd6 Rxa4 23. c4 dxc4 24. Qc2 Rxa1 25. Rxa1 Ne8 26. Bb8 Qd3 27. Qa4 Qd8 28. Bxa7 b5 29. Qa6 Nc7 30. Qb6 Rd7 31. h3 Qa8 32. Ra5 Qe4 33. Ra3 c3 34. Qb8+ Kf7 35. Be3 Qxe5 0-1

[Event "DEN-chT 0910 48th"]
[Site "Denmark"]
[Date "2010.03.13"]
[Round "8.6"]
[White "Hansen, John Nyholm"]
[Black "Nohr, Finn"]
[Result "1/2-1/2"]
[WhiteElo "2089"]
[BlackElo "2079"]
[PlyCount "52"]
[EventDate "2009.11.07"]
[EventType "team-tourn"]
[EventRounds "9"]
[EventCountry "DEN"]
[SourceTitle "EXT 2023"]
[Source "ChessBase"]
[SourceDate "2022.10.05"]
[SourceVersion "1"]
[SourceVersionDate "2022.10.05"]
[SourceQuality "1"]
[WhiteTeam "Aalborg"]
[BlackTeam "Sydostfyn"]
[WhiteTeamCountry "DEN"]
[BlackTeamCountry "DEN"]

1. e4 c5 2. Nf3 d6 3. d4 cxd4 4. Nxd4 Nf6 5. Nc3 a6 6. Be2 e5 7. Nb3 Be7 8. Be3 Be6 9. f4 exf4 10. Bxf4 Nc6 11. 0-0 0-0 12. Kh1 Ne5 13. Nd4 Bd7 14. Qd2 h6 15. Rad1 Rc8 16. Nf5 Bxf5 17. exf5 Qb6 18. Rb1 Rfe8 19. Be3 Qc6 20. Rbd1 b5 21. a3 Bd8 22. Bd4 Kh7 23. Qf4 Be7 24. Qd2 Bf8 25. Qf4 Be7 26. Qd2 Bf8 1/2-1/2

[Event "DEN-chT 0910 48th"]
[Site "Denmark"]
[Date "2009.11.07"]
[Round "1.6"]
[White "Andersen, Jackie"]
[Black "Nohr, Finn"]
[Result "1-0"]
[WhiteElo "2274"]
[BlackElo "2079"]
[PlyCount "69"]
[EventDate "2009.11.07"]
[EventType "team-tourn"]
[EventRounds "9"]
[EventCountry "DEN"]
[SourceTitle "EXT 2023"]
[Source "ChessBase"]
[SourceDate "2022.10.05"]
[SourceVersion "1"]
[SourceVersionDate "2022.10.05"]
[SourceQuality "1"]
[WhiteTeam "Aarhus/Skolerne"]
[BlackTeam "Sydostfyn"]
[WhiteTeamCountry "DEN"]
[BlackTeamCountry "DEN"]

1. d4 Nf6 2. Nf3 g6 3. c4 Bg7 4. Nc3 d6 5. Bg5 0-0 6. e3 Bf5 7. Bd3 Bxd3 8. Qxd3 h6 9. Bh4 Nbd7 10. 0-0 g5 11. Bg3 Nh5 12. d5 c5 13. e4 a6 14. Nd1 Rb8 15. Rb1 b5 16. Ne3 bxc4 17. Nxc4 Rb4 18. b3 Nxg3 19. hxg3 a5 20. a3 Rb7 21. a4 Qa8 22. Rfe1 Nb6 23. Ne3 Rc8 24. Nd2 Nd7 25. Nf5 Ne5 26. Qe2 Qb8 27. Qh5 Kh7 28. f4 gxf4 29. gxf4 Ng6 30. Nf3 Rxb3 31. Ng5+ Kg8 32. Nxh6+ Kf8 33. Ne6+ fxe6 34. Qxg6 Bxh6 35. dxe6 1-0

[Event "Politiken Cup 30th"]
[Site "Helsingor"]
[Date "2008.07.26"]
[Round "9"]
[White "Christensen, Casper"]
[Black "Nohr, Finn"]
[Result "1/2-1/2"]
[WhiteElo "1795"]
[BlackElo "2127"]
[PlyCount "67"]
[EventDate "2008.07.19"]
[EventType "swiss"]
[EventRounds "10"]
[EventCountry "DEN"]
[SourceTitle "CBM 125 Extra"]
[Source "ChessBase"]
[SourceDate "2008.09.01"]
[SourceVersion "1"]
[SourceVersionDate "2008.09.01"]
[SourceQuality "1"]

1. e4 e5 2. Nf3 Nc6 3. Bb5 a6 4. Ba4 Nf6 5. d3 b5 6. Bb3 Be7 7. 0-0 0-0 8. h3 d6 9. Be3 Na5 10. Nc3 Bb7 11. Nh2 Nxb3 12. axb3 d5 13. exd5 Nxd5 14. Nxd5 Qxd5 15. Qf3 f5 16. Qxd5+ Bxd5 17. f4 e4 18. dxe4 Bxe4 19. c3 a5 20. Nf3 Rfd8 21. Rfd1 Rxd1+ 22. Rxd1 Bxf3 23. gxf3 Bd6 24. Rd5 Rb8 25. Rxf5 c6 26. Kf2 Rf8 27. Rxf8+ Kxf8 28. Kg3 Kf7 29. Kg4 a4 30. b4 Ke6 31. h4 g6 32. h5 gxh5+ 33. Kg5 Kd5 34. Kxh5 1/2-1/2

[Event "Politiken Cup 30th"]
[Site "Helsingor"]
[Date "2008.07.25"]
[Round "8"]
[White "Nohr, Finn"]
[Black "Brorsen, Jacob Abildlund"]
[Result "0-1"]
[WhiteElo "2127"]
[BlackElo "1882"]
[PlyCount "82"]
[EventDate "2008.07.19"]
[EventType "swiss"]
[EventRounds "10"]
[EventCountry "DEN"]
[SourceTitle "CBM 125 Extra"]
[Source "ChessBase"]
[SourceDate "2008.09.01"]
[SourceVersion "1"]
[SourceVersionDate "2008.09.01"]
[SourceQuality "1"]

1. e4 c5 2. c3 e6 3. d4 d5 4. exd5 exd5 5. Nf3 Nc6 6. Bb5 Nf6 7. 0-0 Bd6 8. Re1+ Be6 9. dxc5 Bxc5 10. Nbd2 0-0 11. Nb3 Bd6 12. Bg5 Be7 13. Nfd4 Bd7 14. Bd3 h6 15. Bh4 Re8 16. Bc2 Ne4 17. Bxe7 Rxe7 18. Qd3 Ne5 19. Qe2 Ng6 20. Qd1 Qb6 21. f3 Ng5 22. Rxe7 Nxe7 23. h4 Ne6 24. Qd3 Nf8 25. Kh2 Qd6+ 26. g3 Neg6 27. f4 Nh7 28. Nf5 Bxf5 29. Qxf5 Re8 30. Nd4 Nf6 31. h5 Nf8 32. Kh3 Re3 33. Kg2 Ne6 34. Rd1 Nxd4 35. Rxd4 Qa6 36. Bd3 Qc6 37. Kf2 Re8 38. a4 Qb6 39. Bb5 Rd8 40. b4 a6 41. Be2 Ne4+ 0-1

[Event "Politiken Cup 30th"]
[Site "Helsingor"]
[Date "2008.07.23"]
[Round "6"]
[White "Nohr, Finn"]
[Black "Nielsen, Preben"]
[Result "1/2-1/2"]
[WhiteElo "2127"]
[BlackElo "1921"]
[PlyCount "74"]
[EventDate "2008.07.19"]
[EventType "swiss"]
[EventRounds "10"]
[EventCountry "DEN"]
[SourceTitle "CBM 125 Extra"]
[Source "ChessBase"]
[SourceDate "2008.09.01"]
[SourceVersion "1"]
[SourceVersionDate "2008.09.01"]
[SourceQuality "1"]

1. e4 c5 2. c3 d5 3. exd5 Qxd5 4. d4 e6 5. Nf3 cxd4 6. cxd4 Nf6 7. Nc3 Qd8 8. Bd3 Nc6 9. 0-0 Nb4 10. Bb1 Bd7 11. Re1 Bd6 12. Bg5 Bc6 13. d5 Nbxd5 14. Nxd5 Bxd5 15. Bxf6 gxf6 16. Be4 Bxe4 17. Rxe4 Bc5 18. Qe2 Qb6 19. b4 Be7 20. Nd4 0-0-0 21. Nb3 Rd5 22. a3 Rhd8 23. Rh4 Qd6 24. g3 Rd1+ 25. Rxd1 Qxd1+ 26. Qxd1 Rxd1+ 27. Kg2 Rd3 28. Nc5 Rxa3 29. Rxh7 Bxc5 30. bxc5 Rc3 31. Rxf7 a5 32. h4 Rxc5 33. Rxf6 a4 34. Rf8+ Kc7 35. Ra8 b5 36. g4 Kb7 37. Ra5 Kb6 1/2-1/2

[Event "Valby K41 Spring-B"]
[Site "Valby"]
[Date "2007.05.11"]
[Round "7"]
[White "Akdag, Dara Sevkan"]
[Black "Nohr, Finn"]
[Result "1-0"]
[WhiteElo "1976"]
[BlackElo "2102"]
[PlyCount "131"]
[EventDate "2007.03.13"]
[EventType "tourn"]
[EventRounds "7"]
[EventCountry "DEN"]
[SourceTitle "EXT 2018"]
[Source "ChessBase"]
[SourceDate "2017.10.13"]
[SourceVersion "1"]
[SourceVersionDate "2017.10.13"]
[SourceQuality "1"]

1. d4 Nf6 2. c4 c5 3. d5 b5 4. cxb5 a6 5. b6 Qxb6 6. Nc3 g6 7. e4 d6 8. Nf3 Bg7 9. Nd2 0-0 10. Nc4 Qc7 11. a4 a5 12. Bd3 Na6 13. Na3 Nb4 14. Bb5 Nd7 15. 0-0 f5 16. Qe2 Kh8 17. exf5 Rxf5 18. Qxe7 Re5 19. Qf7 Rf5 20. Qe8+ Rf8 21. Qe7 Bf6 22. Qe2 Nb6 23. Bh6 Bg7 24. Bxg7+ Qxg7 25. Qd2 Bf5 26. Rae1 Rac8 27. b3 Qf7 28. Nc4 Nxc4 29. Bxc4 Nc2 30. Rc1 Nb4 31. Nb5 Rcd8 32. Rfe1 Kg8 33. Re6 Bxe6 34. dxe6 Qe7 35. Nc3 Rf5 36. Nd5 Nxd5 37. Bxd5 Re8 38. Re1 Kg7 39. Bc6 Rc8 40. Bd7 Rb8 41. Qc3+ Kg8 42. f3 Rb4 43. Qd3 Rf8 44. Bb5 Rd4 45. Qc3 Rf6 46. Bd7 Rb4 47. Qd3 Rf8 48. Re3 Rfb8 49. Bb5 Rd8 50. g3 d5 51. Bd7 d4 52. Re4 Rxd7 53. exd7 Qxd7 54. Re5 Qd6 55. f4 c4 56. bxc4 Rxa4 57. c5 Ra1+ 58. Kg2 Qc6+ 59. Kh3 Qd7+ 60. f5 Ra4 61. c6 Qxc6 62. Qb3+ Kg7 63. Re7+ Kh6 64. Qf7 Kg5 65. Qxh7 Qc8 66. Qxg6# 1-0